000 00595nam a2200241Ia 4500
003 OSt
005 20220918194611.0
006 a|||||r|||| 00| 0
007 ta
008 220917b |||||||| |||| 00| 0 eng d
024 _a80,442
037 _cTextual
040 _aARTS
_cARTS
_beng
041 _2eng
_aeng
082 _aS:52, M8
100 _aOrtony A
_985650
245 0 _aCognitive structure of emotions
260 _aCambridge
_bC U P
_c1988
300 _a207p.
_ccm.
650 _aPSYCHOLOGY
942 _hS:52, M8
_cTEXL
_2CC
999 _c204168
_d204168